00667nam a2200217 a 4500001001300000003000900013005001700022008004100039020002100080082001300101100002500114245006300139260004100202300000900243500003500252700002500287902000800312942000700320952010900327999001300436nice12345678IN_TiNIC20260116011259.0070921s2004 tira grp 000 0 eng  a8178210371 c000a291bSEL aSelvanayagam, Israel aRelating to People of Other FaithbInsights from the Bible aTiruvalla, Kerala bCSS Books c2004 a308p aincludes index and biblioraphy1 aSelvanayagam, Israel bSRS cBK 001040708StackRoom-aHMIbHMId2014-12-20g0.00l0o291 SELp01831r2014-12-20v0.00w2007-09-21yBK c138d138